000 00474 a2200193 4500
005 20260305124829.0
008 260305b |||||||| |||| 00| 0 eng d
020 _a9789371266673
_cRs. 875.00
040 _aMAIN
082 _a346.022
_bD537L(2)
100 _aDhingra, Rajni Malhotra
245 _aLaw of contract
250 _a2nd
260 _bTaxmann
_c2025
_aNew Delhi
300 _av.
650 _aContract Law
650 _aContract Law in India
942 _cBK
999 _c396360
_d396360